ARRUPE JESUIT UNIVERSITY

CORONAVIRUS -STOP THE SPREAD - CLEAN,DISINFECT,COVER

Values, education and responsibility (Record no. 119546)

MARC details
000 -LEADER
fixed length control field 00412nam a22001337a 4500
008 - FIXED-LENGTH DATA ELEMENTS--GENERAL INFORMATION
fixed length control field 140113b xxu||||| |||| 00| 0 eng d
050 ## - LIBRARY OF CONGRESS CALL NUMBER
Classification number LC268.P995
100 ## - MAIN ENTRY--PERSONAL NAME
Personal name Pybus, Elizabeth
9 (RLIN) 6589
245 ## - TITLE STATEMENT
Title Values, education and responsibility
Statement of responsibility, etc Elizabeth Pybus
260 ## - PUBLICATION, DISTRIBUTION, ETC. (IMPRINT)
Place of publication, distribution, etc Fife, UK
Name of publisher, distributor, etc University of St. Andrews
Date of publication, distribution, etc 1995
300 ## - PHYSICAL DESCRIPTION
Extent 34p.;
Dimensions 21cm
650 ## - SUBJECT ADDED ENTRY--TOPICAL TERM
Topical term or geographic name as entry element Education
General subdivision Philosophy
9 (RLIN) 6590
942 ## - ADDED ENTRY ELEMENTS (KOHA)
Source of classification or shelving scheme Library of Congress Classification
Item type Monograph ( Printed materials)
Koha issues (borrowed), all copies 1
Holdings
Withdrawn status Lost status Source of classification or shelving scheme Damaged status Not for loan Home library Current library Date acquired Total Checkouts Full call number Barcode Date last seen Date last borrowed Price effective from Koha item type
    Library of Congress Classification     ARRUPE LIBRARY ARRUPE LIBRARY 13/01/2014 1 LC268.P995 464123550 28/06/2018 13/01/2014 13/01/2014 Monograph ( Printed materials)

 

Arrupe Library. PO Box MP320 Mt Pleasant, Harare, Zimbabwe
263 242 745411|librarian@aju.ac.zw